000 01009cam a2200265 a 4500
001 2051124
003 GBCCL
005 20241126110356.0
008 930521s1993 caua b 001 0 eng
010 _a 93024029
020 _a0878082425 (pbk.)
040 _aDLC
_cDLC
_dDLC
_dOCoLC
_dDLC
050 0 0 _aBV4319
_b.S645 1993
082 0 0 _a254.3
_220
_bSOG
100 1 _aSøgaard, Viggo.
_92308
245 1 0 _aMedia in church and mission :
_bcommunicating the Gospel /
_cViggo Søgaard.
260 _aPasadena, Calif. :
_bW. Carey Library,
_cc1993.
300 _axiv, 287 p. :
_bill. ;
_c23 cm.
504 _aIncludes bibliographical references (p. 274-283) and index.
650 0 _aCommunication
_xReligious aspects
_xChristianity.
_91427
650 0 _aMass media
_xReligious aspects
_xChristianity.
_92309
906 _a7
_bcbc
_corignew
_d1
_eocip
_f19
_gy-gencatlg
942 _2ddc
_cBK
_017
999 _c1228
_d1228